000 00566nam a22001577a 4500
008 170207b xxu||||| |||| 00| 0 eng d
020 _a971-27-1246-x
082 _22002
_aDFil 394.2663599
_bAl25
100 _918607
_aAlejandro, Reynaldo G.
245 _aPhilippine christmas:
_bart & form/
_cReynaldo Gamboa Alejandro and Marla Yotoko Chorengel.
260 _aPasig City:
_bAnvil Publications,
_cc2002.
300 _a221 pages:
_bcolor illustrations;
_c31 cm.
650 0 _918608
_aChristmas
_zPhilippines
700 _918609
_aChorengel, Maria Yotoko
942 _2ddc
_cDFIL
999 _c6159
_d6159